000 00470nam a22001457a 4500
005 20250122155603.0
008 250122b |||||||| |||| 00| 0 eng d
020 _a9780003291001
050 _aRA418 HEA
245 _aHealth and Social Care for Vocational A Level/
_bformerly Advanced GNVQ
_cMark Walsh...et al.,
260 _aHammersmith, London
_bHarperCollins Publishers
_c2000
300 _aviii.408p.
_bill. color
_c26.5cm
700 _aWalsh, Mark
942 _2lcc
_cBK
_n0
999 _c2823
_d2823